Pratical Guide on Road Safety : A Toolkit for National cross and Red Cresent Societies / (Record no. 2213)
[ view plain ]
| 000 -LEADER | |
|---|---|
| fixed length control field | 00400 a2200109 4500 |
| 020 ## - INTERNATIONAL STANDARD BOOK NUMBER | |
| International Standard Book Number | 9782940395019 |
| 082 ## - DEWEY DECIMAL CLASSIFICATION NUMBER | |
| Classification number | 363.125 CIM |
| 100 ## - MAIN ENTRY--PERSONAL NAME | |
| Personal name | Cima, Daniel |
| 245 ## - TITLE STATEMENT | |
| Title | Pratical Guide on Road Safety : A Toolkit for National cross and Red Cresent Societies / |
| Statement of responsibility, etc. | Daniel Cima |
| 260 ## - PUBLICATION, DISTRIBUTION, ETC. | |
| Place of publication, distribution, etc. | Switzerland ; |
| Name of publisher, distributor, etc. | International Federation of Red Cross and Red Crescent Societies, |
| Date of publication, distribution, etc. | 2007 |
| 300 ## - PHYSICAL DESCRIPTION | |
| Extent | 44p. : |
| Other physical details | ill. ; |
| Dimensions | 30 cm |
| 650 ## - SUBJECT ADDED ENTRY--TOPICAL TERM | |
| Topical term or geographic name entry element | Road Safety |
| Withdrawn status | Lost status | Damaged status | Not for loan | Permanent Location | Current Location | Shelving location | Date acquired | Total Checkouts | Full call number | Barcode | Date last seen | Price effective from | Koha item type |
|---|---|---|---|---|---|---|---|---|---|---|---|---|---|
| School of Civil and Environmental Engineering (SCEE) | School of Civil and Environmental Engineering (SCEE) | 363.125 CIM | NIT-3137 | 01/05/2017 | 01/05/2017 | Book |
